Δύο και δύο δεν κάνουν τέσσερα : ψυχολογία για έφηβους

Αποθηκεύτηκε σε:
Λεπτομέρειες βιβλιογραφικής εγγραφής
Κύριος συγγραφέας: Cancrini, Maria Grazia
Άλλοι συγγραφείς: Harrison, L.
Μορφή: Βιβλίο
Γλώσσα:Greek
Δημοσίευση: Αθήνα : Οδυσσέας , 1981
Θέματα:
Ετικέτες: Προσθήκη ετικέτας
Δεν υπάρχουν, Καταχωρήστε ετικέτα πρώτοι!

MARC

LEADER 00000cam a2200000 i 4500
001 1/85229
008 960701s1981 gr | ||| |||| ||gre||
035 |a 1987  |c Αγορά  |l 10034646 
040 |a GR-MY-UA  |b gre  |e aacr 
041 0 |a gre 
082 0 |a 155.5 
100 1 |a Cancrini, Maria Grazia. 
245 1 0 |a Δύο και δύο δεν κάνουν τέσσερα :  |b ψυχολογία για έφηβους /  |c M.Cancrini, L.Harrison 
260 |a Αθήνα :   |b Οδυσσέας ,   |c 1981 
300 |a 184 σ. 
650 0 0 |a Adolescent psychology. 
650 0 0 |a Adolescence. 
650 0 0 |a Youth. 
700 1 |a Harrison, L. 
852 |a INST  |b RHODES  |e 19960701  |h 155.5 CAN  |p 005400004707  |q 005400004707  |t BK  |y 0 
909 |a Ρ  |b 006784  |c 1987